| 000 | 00744cam a22002535a 4500 | ||
|---|---|---|---|
| 001 | 008073768 | ||
| 005 | 20180306151146.0 | ||
| 008 | 900516r19981990enka frb 001 0 eng d | ||
| 020 | _a0471923427 | ||
| 020 | _a9780471923428 | ||
| 040 |
_aUk _cUk _beng _dEG-ScBUE |
||
| 082 | 0 | 4 |
_222 _a621.3822 _bBAH |
| 100 | 1 | _aBaher, H. | |
| 245 | 1 | 0 |
_aAnalog and digital signal processing / _cH. Baher. |
| 250 | _aReprint ed. | ||
| 260 |
_aChichester : _bJohn Wiley & Sons, _c1998. |
||
| 300 |
_axviii, 474 p. : _bill. ; _c24 cm. |
||
| 500 | _aReprinted of 1990 ed. | ||
| 504 | _aIncludes bibliographical references and index. | ||
| 650 | 7 |
_aSignal processing. _2BUEsh _936943 |
|
| 651 | _2BUEsh | ||
| 653 |
_bGGEN _bENGGEN _cMarch2018 |
||
| 942 | _2ddc | ||
| 999 |
_c26253 _d26225 |
||